Ritwik Ghatak: Five Plays (Record no. 46593)

MARC details
000 -LEADER
fixed length control field 00410nam a22001697a 4500
005 - DATE AND TIME OF LATEST TRANSACTION
control field 20260514122428.0
008 - FIXED-LENGTH DATA ELEMENTS--GENERAL INFORMATION
fixed length control field 260514b |||||||| |||| 00| 0 eng d
020 ## - INTERNATIONAL STANDARD BOOK NUMBER
International Standard Book Number 9789386906113
041 ## - LANGUAGE CODE
Language code of text/sound track or separate title Eng
082 ## - DEWEY DECIMAL CLASSIFICATION NUMBER
Classification number 891.442 GHA
100 ## - MAIN ENTRY--PERSONAL NAME
Author Ghatak, Ritwik
245 ## - TITLE STATEMENT
Title Ritwik Ghatak: Five Plays
260 ## - PUBLICATION, DISTRIBUTION, ETC.
Place New Dehli
Publisher Niyog Books
Publication Year 2025
300 ## - PHYSICAL DESCRIPTION
Extent 312;. P. 21 cm
650 ## - SUBJECT ADDED ENTRY--TOPICAL TERM
Subject Fiction
942 ## - ADDED ENTRY ELEMENTS (KOHA)
Koha item type Books
Holdings
Withdrawn status Lost status Source of classification or shelving scheme Damaged status Not for loan Home library Current library Shelving location Accession Date Vendor Price Bill number Total Checkouts Full call number Barcode No Date last seen Discount Cost, replacement price Bill Date Koha item type Suggested By
    Dewey Decimal Classification     IMTN IMTN Rack 43-A 05/14/2026 Raghav Books Private Limited 495.00 2630   891.442 GHA 34060 05/14/2026 30 346.50 04/30/2026 Books Recommended by Dr. Jitendra Sharma
Designed & Maintained by: LRC IMT Nagpur Contact: lrc@imtnag.ac.in© 2024. All Rights Reserved.